00559nam a2200205 a 450000100060000000300090000600800410001502000150005604000280007108200150009910000400011424500330015426000310018730000110021849000310022965000240026065000190028465000240030365000260032718720CO-ViMGA141112s2004 ck r 000 u spa d a8449309565 aCO-ViMGAbspacCO-ViMGA04a155.4 B1741 aBarkley, Russell; Benton, Christine10aHijos desafiantes y rebeldes aBarcelona : bPaidos; 2000 a255 p. aGuias para padres - paidos14aAFECTO - PSICOLOGIA14aPADRES E HIJOS14aPSICOLOGIA FAMILIAR14aRELACIONES DE FAMILIA